000 00252nam a2200097Ia 4500
001 995048
005 20250826221439.0
008 250824s9999 xx 000 0 und d
245 0 _aTUT ELİNİ YALNIZ DEĞİLSİN
_cLARA TUKSAL
260 _bDESTEK YAYINLARI
999 _c995048
_d995048